|
|
|
|
| LEADER |
00000nab a2200000 a 4500 |
| 001 |
vtls000998816 |
| 003 |
SK-MaSNL |
| 005 |
20260319074029.0 |
| 008 |
040720e18860000xo 0 hun |
| 035 |
|
|
|a RVH1420
|
| 040 |
|
|
|a RVGKPD
|b slo
|c RVGKPD
|e AACR2
|
| 041 |
0 |
|
|a slo
|
| 044 |
|
|
|a xo
|c SK
|
| 080 |
|
|
|a 614.254
|2 1981
|
| 245 |
0 |
0 |
|a Dr. Fodor Béla...
|
| 500 |
|
|
|a (pôsobenie)
|
| 500 |
|
|
|a odchod z funkcie
|
| 590 |
|
|
|a Fodor, Béla
|b Lekár
|
| 600 |
1 |
7 |
|a Fodor, Béla
|2 RVGKPD
|9 1025252
|
| 650 |
0 |
7 |
|a lekári
|2 RVGKPD
|9 3195
|
| 651 |
|
7 |
|a Gočovo (Slovensko)
|2 RVGKPD
|9 58511
|
| 655 |
|
7 |
|a periodikum
|2 snkbucl
|9 29553
|
| 773 |
0 |
8 |
|t Rozsnyói Hiradó
|g Roč. 9, č.45, 07.11.1886, s. 2
|
| 852 |
|
|
|a ZVYKNI
|b KIS3GCP
|
| 999 |
|
|
|c 1686567
|d 1688497
|